000 00501nam a2200157Ia 4500
003 GCL
008 140319s9999 xx 000 0 eng d
040 _aGCL /
_cGCL
082 0 4 _a005.133
_bS A
100 1 _aSAVITCH, WALTER. J.
245 1 0 _aADO: AN INTRODUCTION TO THE ART AND SCIENCE OF PROGRAMMING /
_cSAVITCH, WALTER. J.
700 1 _aPETERSEN, CHARLES G.
260 _a[S.N] :
_bTHE BENJAMIN\ CUMMINGS PUBLISHING COMPAN ،
_c1992
650 0 4 _aADA COMPUTER PROGREMME LANGUAG
942 _2ddc
_cBK
999 _c24283
_d24283